Normal view
MARC view
- WILLIAMS, ERIC
Entry Personal Name
001 - CONTROL NUMBER
- control field: 79025
003 - CONTROL NUMBER IDENTIFIER
- control field: NUST
005 - DATE AND TIME OF LATEST TRANSACTION
- control field: 20210628210330.0
008 - FIXED-LENGTH DATA ELEMENTS
- fixed length control field: 210628|| aca||aabn | a|a d
040 ## - CATALOGING SOURCE
- Original cataloging agency: NUST
- Transcribing agency: NUST
100 ## - HEADING--PERSONAL NAME
- Personal name: WILLIAMS, ERIC
670 ## - SOURCE DATA FOUND
- Source citation: Work cat.: (NUST): WILLIAMS, ERIC, MORE ESCAPERS IN WAR AND PEACE, 1972
